Kinh tế trang trại các tỉnh trung du, miền núi phía Bắc

保存先:
書誌詳細
第一著者: Nguyễn Đức Thịnh
フォーマット: 図書
言語:Vietnamese
出版事項: Tp.HCM 2000
タグ: タグ追加
タグなし, このレコードへの初めてのタグを付けませんか!
Thư viện lưu trữ: Mạng thư viện Đại học Đà Nẵng
LEADER 00662nam a2200253 4500
001 000020419
003 16865
005 20150317160312.0
008 150317s2000 viesd
020 |c 18000 
041 0 |a vie 
082 1 4 |a 338.1  |b NG-T 
100 1 |a Nguyễn Đức Thịnh 
245 1 0 |a Kinh tế trang trại các tỉnh trung du, miền núi phía Bắc  |c Nguyễn Đức Thịnh 
260 |b Tp.HCM  |c 2000 
300 |a tr.  |c cm. 
OWN |a LSP 
999 |a From the UDN01 
TYP |a Monograph 
TYP |a Printed language 
980 |a Mạng thư viện Đại học Đà Nẵng